<L'>Unité et la diversité de l'Europe les droits des minorités <les> exemples belge et hongrois

Salvato in:
Dettagli Bibliografici
Natura: Libro
Lingua:francese
Pubblicazione: Bruxelles Bruylant 2003
Serie:Centre d'études constitutionnelles et administratives 25
Soggetti:
Tags: Aggiungi Tag
Nessun Tag, puoi essere il primo ad aggiungerne!!

MARC

LEADER 00000nam$a2200000$$$4500
001 0024087
005 20240104133122.2
020 |a 2-8027-1763-4 
041 0 |a fre 
044 |a BE 
245 1 0 |a <L'>Unité et la diversité de l'Europe les droits des minorités  |b <les> exemples belge et hongrois 
264 1 |a Bruxelles  |b Bruylant  |c 2003 
300 |a 207 s. 
490 1 |a Centre d'études constitutionnelles et administratives  |v 25 
830 0 |a Centre d'études constitutionnelles et administratives  |v 25 
610 2 0 |a národnosti 
610 2 0 |a menšiny národnostné 
610 2 0 |a práva ľudské 
610 2 0 |a ochrana právna 
610 2 0 |a porovnanie medzinárodné 
610 2 0 |a Belgicko 
610 2 0 |a Maďarsko